00810nam a22001937a 4500003000900000008004100009040007100050082001900121100003000140245005500170260002500225300002800250440002800278505022200306650002500528650002100553650001700574650002500591AR-CdUCM190225b           ||||| |||| 00| 0 spa d  aMUNICIPALIDAD PROVINCIAL DEL CUSCOcBIBLIOTECA MUNICIPAL DEL CUSCO  a333.185 /bC13  aCaballero, José María  aAgricultura, reforma agraria y pobreza campesina /  aLima :bIEP ,c1980.  a158 páginas ;c17 cm.  aColección Míniman6  aAgricultura e industrialización sustitutiva de importaciones -- La reforma agraria y mas allá -- el fracaso del modelo agrario del régimen militar -- la situación del campesino andino -- economía de mercado.  aMercado y campesino.  aReforma agraria.  aAgricultura.  aIndustrialización.